000 00467nam a2200169Ia 4500
003 OSt
005 20230608163507.0
008 210423s2003 xx 000 0 und d
040 _cAL
082 _a362.73 BHAA
_223
100 _aBHARGAVA (Vinita).
_9122947
245 _aAdoption in india: policies and experience.
260 _aLondon
_bVistaar Publication
_c2003
365 _b350
_cINR
906 _aAdoption ; experience. ; india: ; policies
942 _2ddc
_cBK
999 _c174117
_d174117